Normal view
MARC view
- Sewage
Entry Topical Term
001 - CONTROL NUMBER
- control field: 5725
003 - CONTROL NUMBER IDENTIFIER
- control field: NUST
005 - DATE AND TIME OF LATEST TRANSACTION
- control field: 20171030114106.0
008 - FIXED-LENGTH DATA ELEMENTS
- fixed length control field: 171030|| aca||aabn | a|a d
040 ## - CATALOGING SOURCE
- Original cataloging agency: NUST
- Transcribing agency: NUST
150 ## - HEADING--TOPICAL TERM
- Topical term or geographic name entry element: Sewage
- General subdivision: Purification
- General subdivision: Phosphate removal.
670 ## - SOURCE DATA FOUND
- Source citation: Work cat.: (NUST)0: Nutrient removal /, c2011.
